Mycotrophy in plants : lectures on the biology of mycorrhizae and related structures /
Guardado en:
| Autor Principal: | |
|---|---|
| Formato: | Libro |
| Idioma: | English |
| Publicado: |
Waltham, Mass. :
Chronica Botanica Company,
1950.
|
| Series: | A New series of plant science books ;
v. 22 |
| Acceso en línea: | Texto completo |
| Etiquetas: |
Agregar Etiqueta
Sin Etiquetas, Sea el primero en etiquetar este registro!
|
| LEADER | 00762nam a22001815a 4500 | ||
|---|---|---|---|
| 001 | EEA.libagro001839 | ||
| 005 | 20160608103238.0 | ||
| 008 | 130809s1950####xxua#####b####000#0#eng#d | ||
| 082 | 0 | 4 | |a 631.4661 |
| 100 | 1 | |a Kelley, Arthur Pierson, |d 1897- | |
| 245 | 1 | 0 | |a Mycotrophy in plants : |b lectures on the biology of mycorrhizae and related structures / |c Arthur Pierson Kelley. |
| 260 | |a Waltham, Mass. : |b Chronica Botanica Company, |c 1950. | ||
| 300 | |a xiv, 223 p. : |b il. ; |c 23 cm. | ||
| 490 | 1 | |a A New series of plant science books ; |v v. 22 | |
| 504 | |a Bibliografía: p. [183]-206. | ||
| 530 | |a Disponible también en línea. | ||
| 856 | |u http://biodiversitylibrary.org/item/26597#page/7/mode/1up |3 Texto completo | ||
| 859 | |a AR-BbBCA |b BIB. AGRONOMIA |h 631.4661 |i K287 |p 1957/1048 | ||
